Normal view
MARC view
- SOFTWARE NUST XILINX DESIGNER LAB BOOK LINUX
Entry Topical Term
001 - CONTROL NUMBER
- control field: 56748
003 - CONTROL NUMBER IDENTIFIER
- control field: NUST
005 - DATE AND TIME OF LATEST TRANSACTION
- control field: 20210628201752.0
008 - FIXED-LENGTH DATA ELEMENTS
- fixed length control field: 210628|| aca||aabn | a|a d
040 ## - CATALOGING SOURCE
- Original cataloging agency: NUST
- Transcribing agency: NUST
150 ## - HEADING--TOPICAL TERM
- Topical term or geographic name entry element: SOFTWARE NUST XILINX DESIGNER LAB BOOK LINUX
670 ## - SOURCE DATA FOUND
- Source citation: Work cat.: (NUST): Bout, Dave Van Den Van Den Bout, Dave 56747, Xilinx student edition , the practical xilinx designer lab book, 1998
